<?xml version="1.0" encoding="UTF-8"?>
<record
    xmlns:xsi="http://www.w3.org/2001/XMLSchema-instance"
    xsi:schemaLocation="http://www.loc.gov/MARC21/slim http://www.loc.gov/standards/marcxml/schema/MARC21slim.xsd"
    xmlns="http://www.loc.gov/MARC21/slim">

  <leader>00664nam a22002412  4500</leader>
  <datafield tag="999" ind1=" " ind2=" ">
    <subfield code="c">18554</subfield>
    <subfield code="d">18554</subfield>
  </datafield>
  <controlfield tag="001">0000019544</controlfield>
  <controlfield tag="003">OSt</controlfield>
  <controlfield tag="005">20201006121051.0</controlfield>
  <controlfield tag="008">110107s         xx           000 0 eng d</controlfield>
  <datafield tag="020" ind1=" " ind2=" ">
    <subfield code="a">1285448774</subfield>
  </datafield>
  <datafield tag="040" ind1=" " ind2=" ">
    <subfield code="a">KABU</subfield>
    <subfield code="c">KABU</subfield>
  </datafield>
  <datafield tag="050" ind1=" " ind2=" ">
    <subfield code="a">HB171.5</subfield>
    <subfield code="b">.B78 2016 c.1</subfield>
  </datafield>
  <datafield tag="100" ind1="1" ind2=" ">
    <subfield code="a">Brux, Jacqueline Murray.</subfield>
  </datafield>
  <datafield tag="245" ind1="1" ind2="0">
    <subfield code="a">Economic issues and policy /</subfield>
    <subfield code="c">Jacqueline Murray Brux.</subfield>
  </datafield>
  <datafield tag="250" ind1=" " ind2=" ">
    <subfield code="a">6th  ed.</subfield>
  </datafield>
  <datafield tag="260" ind1=" " ind2=" ">
    <subfield code="a">Mason, OH :</subfield>
    <subfield code="b">Thomson Higher,</subfield>
    <subfield code="c">2016</subfield>
  </datafield>
  <datafield tag="300" ind1=" " ind2=" ">
    <subfield code="a">xxiv, 478p.</subfield>
  </datafield>
  <datafield tag="650" ind1=" " ind2="0">
    <subfield code="a">Economics.</subfield>
  </datafield>
  <datafield tag="650" ind1=" " ind2="0">
    <subfield code="a">Economic policy.</subfield>
  </datafield>
  <datafield tag="908" ind1=" " ind2=" ">
    <subfield code="a">110107</subfield>
  </datafield>
  <datafield tag="942" ind1=" " ind2=" ">
    <subfield code="2">lcc</subfield>
    <subfield code="c">BK</subfield>
  </datafield>
  <datafield tag="952" ind1=" " ind2=" ">
    <subfield code="0">0</subfield>
    <subfield code="1">0</subfield>
    <subfield code="2">lcc</subfield>
    <subfield code="7">0</subfield>
    <subfield code="a">KABU</subfield>
    <subfield code="b">KABU</subfield>
    <subfield code="d">2020-10-06</subfield>
    <subfield code="g">4599.00</subfield>
    <subfield code="l">2</subfield>
    <subfield code="o">HB171.5 .B78 2016 c.1</subfield>
    <subfield code="p">030098</subfield>
    <subfield code="r">2024-08-02 00:00:00</subfield>
    <subfield code="s">2021-10-28</subfield>
    <subfield code="w">2020-10-06</subfield>
    <subfield code="y">BK</subfield>
  </datafield>
  <datafield tag="952" ind1=" " ind2=" ">
    <subfield code="0">0</subfield>
    <subfield code="1">0</subfield>
    <subfield code="2">lcc</subfield>
    <subfield code="7">0</subfield>
    <subfield code="a">KABU</subfield>
    <subfield code="b">KABU</subfield>
    <subfield code="d">2020-10-06</subfield>
    <subfield code="g">4599.00</subfield>
    <subfield code="l">0</subfield>
    <subfield code="o">HB171.5 .B78 2016 c.2</subfield>
    <subfield code="p">030099</subfield>
    <subfield code="r">2024-08-02 00:00:00</subfield>
    <subfield code="w">2020-10-06</subfield>
    <subfield code="y">BK</subfield>
  </datafield>
  <datafield tag="952" ind1=" " ind2=" ">
    <subfield code="0">0</subfield>
    <subfield code="1">0</subfield>
    <subfield code="2">lcc</subfield>
    <subfield code="7">0</subfield>
    <subfield code="a">KNTC</subfield>
    <subfield code="b">KNTC</subfield>
    <subfield code="d">2020-10-06</subfield>
    <subfield code="g">4599.00</subfield>
    <subfield code="l">0</subfield>
    <subfield code="o">HB171.5 .B78 2016 c.1</subfield>
    <subfield code="p">030100</subfield>
    <subfield code="r">2020-10-06 00:00:00</subfield>
    <subfield code="w">2020-10-06</subfield>
    <subfield code="y">BK</subfield>
  </datafield>
</record>
